Hogy készült A szépség koldusa /
Elmentve itt :
| Szerző: | |
|---|---|
| Dokumentumtípus: | Cikk |
| Megjelent: |
1980-01-27
|
| Sorozat: | Délmagyarország
70 No. 22 |
| Kulcsszavak: | József Attila |
| Online Access: | http://dmarchiv.bibl.u-szeged.hu/95118 |
| LEADER | 00459nab a2200157 i 4500 | ||
|---|---|---|---|
| 001 | delm95118 | ||
| 005 | 20190607121046.0 | ||
| 008 | 190607s1980 hu o 0|| hun d | ||
| 040 | |a SZTE Délmagyarország Archívum |b hun | ||
| 041 | |a hun | ||
| 100 | 1 | |a Magyarka Ferenc | |
| 245 | 1 | 0 | |a Hogy készült |h [elektronikus dokumentum] : |b A szépség koldusa / |c Magyarka Ferenc |
| 260 | |c 1980-01-27 | ||
| 300 | |a 6 | ||
| 490 | 0 | |a Délmagyarország |v 70 No. 22 | |
| 695 | |a József Attila | ||